| 000 | 00436nam a22001817a 4500 | ||
|---|---|---|---|
| 003 | OSt | ||
| 005 | 20180116183053.0 | ||
| 008 | 160901b xxu||||| |||| 00| 0 eng d | ||
| 020 | _a0 | ||
| 040 | _c0 | ||
| 082 | _a823.914 ACH 2006 | ||
| 100 | _aAchebe,Chinua. | ||
| 245 |
_aThings Fall Apart _cChinua Achebe |
||
| 260 |
_aLahore _bnew kitab mahal _c2006 |
||
| 300 |
_a242 p. _bPB. |
||
| 440 | _aThings Fall Apart | ||
| 942 |
_2ddc _cBK |
||
| 999 |
_c351725 _d351725 |
||